Positionen im deutschen Roman der sechziger Jahre /

Guardat en:
Dades bibliogràfiques
Altres autors: Arnold, Heinz Ludwig, 1940-, Buck, Theo
Format: Llibre
Idioma:German
Publicat: München : Edition Text u. Kritik Boorberg, 1974.
Matèries:
LEADER 01140nam a22002891i 4500
001 c000331170
003 CARM
005 00000000000000.0
008 770115s1974 gw b 00000 ger
010 |a 75403551 //r96 
015 |a GFR75-A 
019 1 |a 1104378  |5 LACONCORD2021 
020 |a 3415004104 :  |c DM22.00 
035 |a (OCoLC)1634160  |5 LACONCORD2021 
043 |a e-gw--- 
050 0 0 |a PT772  |b .P6 
245 0 0 |a Positionen im deutschen Roman der sechziger Jahre /  |c Arnold [et al.]. ; hrsg. von Heinz Ludwig Arnold u. Theo Buck]. 
260 |a München :  |b Edition Text u. Kritik Boorberg,  |c 1974. 
300 |a 172 p. ;  |c 21 cm. 
500 |a Based on a series of lectures held at the Sorbonne, 1973-74. 
504 |a Includes bibliographical references. 
650 0 |a German fiction  |y 20th century  |x History and criticism. 
700 1 |a Arnold, Heinz Ludwig,  |d 1940- 
700 1 |a Buck, Theo. 
852 8 |b CARM  |h A2:AP16A0  |i B06999  |p 0308876  |f BK 
999 f f |i 9cb5bb3a-bfe7-5215-849f-117b239831ca  |s d52e5859-8f54-57b1-928f-beb7dbf4a8d2 
952 f f |p Can circulate  |a CAVAL  |b CAVAL  |c CAVAL  |d CARM 1 Store  |e B06999  |f A2:AP16A0  |h Other scheme  |i book  |m 0308876